000 00626nam a2200229Ia 4500
003 OSt
005 20221007072216.0
006 a|||||r|||| 00| 0
007 ta
008 221006b |||||||| |||| 00| 0 eng d
024 _a21,562
037 _cTextual
040 _aFLL
_cFLL
_beng
041 _2eng
_aeng
082 _aY:45:65.73.N7, L7
100 _aGreenberg David F. Au.
_9690268
245 0 _aCorrections and punishment
260 _aLondon
_bSAGE Pub. England
_c1977
300 _a174p
_ccm.
942 _hY:45:65.73.N7, L7
_cTEXL
_2CC
999 _c1145445
_d1145445